fiche vocab 3 version - Statistiques

Statistiques générales
  • Ce quiz a été pris 11 fois
  • Le résultat moyen est 12 sur 33
Statistiques - réponses
Hint Réponse % Correct
The workforce / laborforce (US)/Manpower la main d'œuvre
100%
Labor le travail
100%
Working conditions conditions de travail
67%
To work overtime faire des heures supplémentaires
67%
A day off jour de congé
67%
Unemployment le chômage
67%
Labor department (US) le ministère du travail
67%
A glass ceiling le plafond de verre
67%
Wage le salaire
67%
To apply for a job postuler
67%
Rate taux
67%
Work/a worker travail/ un employé
67%
A monthly pay un salaire mensuel
67%
To land a job décrocher un emploi
33%
To hire embaucher
33%
An employee / employer employé / employeur
33%
Employment l'emploi
33%
Hourly earnings salaire horaire
33%
A fixed-term contract/ a permanent contract un CDD/CDI
33%
An application une candidature
33%
A job/a position un emploi/un poste
33%
A trainee, an intern un stagiaire
33%
The pay gap/ equal pay écart des salaires/égalité
0%
To train former
0%
A working day(GB)/ workday (US) journée de travail
0%
To dismiss = To make redundant = to layoff licencier
0%
A probationary period/a trial period période d'essai
0%
A job hunt recherche d'emploi
0%
A job seeker un demandeur d'emploi
0%
A part-time/full-time job un emploi à temps partiel/complet
0%
An occupation/ a trade un métier/une profession
0%
A training period/session un stage de formation
0%
A low-paid/highly paid job un travail peu/bien rémunéré
0%
Aucun quiz correspondant
Distribution des résultats
% des personnes avec chaque résultat
Percentile par nombre de réponses
Votre historique - résultats
Vous n’avez pas pris ce quiz